000 00830nam a22002297a 4500
999 _c16849
_d16849
003 AR-CdUCM
008 190506b ||||| |||| 00| 0 spa d
040 _aMUNICIPALIDAD PROVINCIAL DEL CUSCO
_cBIBLIOTECA MUNICIPAL DEL CUSCO
082 _a320.973092 /
_bW73
100 _aWise, David
_936549
245 _aEl gobierno invisible /
260 _aArgentina :
_bHemisferio,
_c1966.
300 _a412 páginas ;
_c20 cm.
440 _aHemisferio.
_n5
_936550
505 _aContenido: El gobierno invisible -- 48 horas -- Preparación -- Invasión -- El caso de las viudas de Birmingham -- Una historia ...
650 _aEstados Unidos
_91805
650 _aPolítica y gobierno
_92693
650 _aCuba y Estados Unidos
_936551
700 _aRoss, Thomas B. (coautor)
_936552
942 _2ddc
_cLIBROS
945 _aachl
_d2019-05-06